Legislación mercantil./ (Registro nro. 8245)
[ vista simple ]
| 000 -LEADER | |
|---|---|
| fixed length control field | 01456nam a2200181Ia 4500 |
| 005 - FECHA Y HORA DE LA ÚLTIMA TRANSACCIÓN | |
| control field | 20250301144156.0 |
| 008 - FIXED-LENGTH DATA ELEMENTS--GENERAL INFORMATION | |
| fixed length control field | 230606s9999 xx 000 0 und d |
| 040 ## - CATALOGING SOURCE | |
| Original cataloging agency | UPAN |
| Transcribing agency | Biblioteca San Vicente |
| Description conventions | RCAA2 |
| 041 ## - LANGUAGE CODE | |
| Language code of text/sound track or separate title | spa |
| 082 ## - DEWEY DECIMAL CLASSIFICATION NUMBER | |
| Classification number | 348.023 |
| Item number | C678l |
| año de publicación | 2003 |
| 100 ## - MAIN ENTRY--PERSONAL NAME | |
| Personal name | Corte suprema de justicia |
| Relator code | aut. |
| 245 #0 - TITLE STATEMENT | |
| Title | Legislación mercantil./ |
| Remainder of title | Corte suprema de justicia |
| 260 ## - PUBLICATION, DISTRIBUTION, ETC. (IMPRINT) | |
| Place of publication, distribution, etc | El Salvador; |
| Name of publisher, distributor, etc | Corte suprema de justicia, |
| Date of publication, distribution, etc | 2003 |
| 300 ## - PHYSICAL DESCRIPTION | |
| Extent | 853 p.: |
| Dimensions | 24 cm. |
| 505 ## - FORMATTED CONTENTS NOTE | |
| Formatted contents note | 1. Código de comercio<br/>2. Libro tercero del comercio marítimo<br/>3. Ley de procedimientos mercantiles<br/>4. Ley de registro de comercio<br/>5. Ley de la dirección general de registros<br/>6. Ley de la superintendencia de obligaciones mercantiles<br/>7. Ley de marcas y otros signos distintivos<br/>8. Ley de inversiones<br/>9. Regimen especial de las facturas cambiarias y los recibos de las mismas<br/>10. Ley del libro<br/>11. Ley de fomento y protección de la propiedad intelectual<br/>12. Ley de sociedades de seguros<br/>13.Ley sobre constitución de sociedades por acciones de economía mixta<br/>14. Ley reguladora del ejercicio de la contaduría<br/>15. Ley del sistema de garantías reciprocas para la micro, pequeña y mediana empresa rural y urbana<br/>16. Reglamento de la ley de registro de comercio<br/>17. Reglamento de la ley de fomento y protección de la propiedad intelectual<br/>18. Reglamento de la ley de sociedades de seguros |
| 650 ## - SUBJECT ADDED ENTRY--TOPICAL TERM | |
| Source of heading or term | LEMB |
| Topical term or geographic name as entry element | Derecho comercial-legislación |
| 942 ## - ADDED ENTRY ELEMENTS (KOHA) | |
| Koha item type | Libros |
| Source of classification or shelving scheme | Dewey Decimal Classification |
| Withdrawn status | Lost status | Source of classification or shelving scheme | Damaged status | Not for loan | Collection code | Home library | Current library | Date acquired | Total Checkouts | Full call number | Barcode | Date last seen | Copy number | Price effective from | Koha item type |
|---|---|---|---|---|---|---|---|---|---|---|---|---|---|---|---|
| Dewey Decimal Classification | Colección General | Biblioteca UPAN San Vicente | Biblioteca UPAN San Vicente | 06/06/2023 | 348.023 C678l | 12000984 | 06/06/2023 | 01 | 06/06/2023 | Libros | |||||
| Dewey Decimal Classification | Colección General | Biblioteca UPAN San Vicente | Biblioteca UPAN San Vicente | 06/06/2023 | 348.023 C678l | 12000985 | 09/06/2023 | 02 | 06/06/2023 | Libros |